| 000 | 01322nas a2200469 4500 | ||
|---|---|---|---|
| 001 | BR2012001149 | ||
| 003 | BR-BrBNA | ||
| 005 | 20231205120159.0 | ||
| 007 | ta | ||
| 008 | 230509b bl.|||p| |||| 00| 00por d | ||
| 040 |
_aBR-BrBNA _bpor _cBiblioteca Nacional de Agricultura |
||
| 041 | _a(Pt) | ||
| 072 | _aF01 | ||
| 100 | 1 | _aPereira, M.C.T. | |
| 100 | 1 | _aNietsche, S. | |
| 100 | 1 | _aCosta, M.R. | |
| 100 | 1 | _aCrane, J.H. | |
| 100 | 1 | _aCorsato, C.D.A. | |
| 100 | 1 | _aMizobutsi, E.H. | |
| 245 | 1 | _aAnonáceas: pinha, atemóia e graviola | |
| 650 | _aATEMÓIA | ||
| 650 | _aANNONA CHERIMOLA | ||
| 650 | _aGRAVIOLA | ||
| 650 | _aANNONA MURICATA | ||
| 650 | _aFRUTA DE CONDE | ||
| 650 | _aANNONA SQUAMOSA | ||
| 650 | _aFRUTICULTURA | ||
| 650 | _aPRÁTICA CULTURAL | ||
| 650 | _aPRODUÇÃO VEGETAL | ||
| 650 | _aDOENÇA DE PLANTA | ||
| 650 | _aPRAGA DE PLANTA | ||
| 650 | _aPROPAGAÇÃO VEGETATIVA | ||
| 650 | _aPRODUÇÃO | ||
| 650 | _aECONOMIA | ||
| 650 | _aPODA | ||
| 650 | _aPOLINIZAÇÃO | ||
| 650 | _aCOLHEITA | ||
| 650 | _aPÓS-COLHEITA | ||
| 773 | 0 |
_tInforme Agropecuário - Empresa de Pesquisa Agropecuária de Minas Gerais (Brazil) _xISSN 0100-3364 _g(Sep-Oct 2011), v. 32(264) p. 26-34 _wBR2012001149 |
|
| 909 |
_a202311 _bLúcia _c55 _dLúcia Elande |
||
| 942 |
_2AGRIS _n0 _cANA |
||
| 999 |
_c217338 _d217338 |
||